Redukcia rizika pri zaistení

Saved in:
Bibliographic Details
Main Author: Pinda, Ľudovít, 1958-
Other Authors: Škrovánková, Lea, 1954-, Dávid, Arnold
Format: Book Chapter
Language:Slovak
Tags: Add Tag
No Tags, Be the first to tag this record!

MARC

LEADER 00000naa$a2200000$$$4500
001 0095304
005 20240502072049.1
041 0 |a slo 
044 |a SK 
245 1 0 |a Redukcia rizika pri zaistení  |c Ľudovít Pinda, Lea Škrovánková, Arnold Dávid 
100 1 |a Pinda, Ľudovít, 1958- 
700 1 |a Škrovánková, Lea, 1954- 
700 1 |a Dávid, Arnold